Když se řekne ruský dluh

Väčšiu časť svojo zadlženia zdedila Ruská federácia po Sovietskom zväze. Dnes chýbajú nielen prostriedky, ale aj vôľa ich splácať. Nové dlhy Ruskej federácie.

Salvato in:
Dettagli Bibliografici
Autore principale: Juza, Peter
Natura: Capitolo di libro
Lingua:ceco
Soggetti:
Tags: Aggiungi Tag
Nessun Tag, puoi essere il primo ad aggiungerne!!

MARC

LEADER 00000naa a2200000 4500
001 r036483
005 20230920100218.0
041 0 |a cze 
044 |a CZ 
245 1 0 |a Když se řekne ruský dluh  |c Peter Juza 
520 |a Väčšiu časť svojo zadlženia zdedila Ruská federácia po Sovietskom zväze. Dnes chýbajú nielen prostriedky, ale aj vôľa ich splácať. Nové dlhy Ruskej federácie. 
610 2 0 |a zadlženosť vnútorná 
610 2 0 |a zadlženosť zahraničná 
610 2 0 |a dlhy 
610 2 0 |a splátky 
610 2 0 |a úrok 
610 2 0 |a kríza finančná 
610 2 0 |a Rusko 
100 1 |a Juza, Peter